[Event "Brody Bryvko Memorial 2nd"]
[Site "Brody"]
[Date "2022.12.11"]
[Round "1"]
[White "Fedzhaga, Roman"]
[Black "Kutyra, Myroslav"]
[Result "0-1"]
[WhiteElo "1036"]
[BlackElo "1774"]
[PlyCount "64"]
[EventDate "2022.12.11"]
[EventType "swiss (blitz)"]
[EventRounds "9"]
[EventCountry "UKR"]
[SourceTitle "CBM 211 Extra"]
[Source "ChessBase"]
[SourceDate "2023.01.31"]
[SourceVersion "1"]
[SourceVersionDate "2023.01.31"]
[SourceQuality "1"]

1. e4 e5 2. Nf3 Nc6 3. Bc4 Bc5 4. c3 Nf6 5. d4 exd4 6. cxd4 Bb4+ 7. Bd2 Bxd2+ 8. Nbxd2 0-0 9. 0-0 d5 10. exd5 Nxd5 11. Ne5 Nxd4 12. Ne4 c5 13. Nxc5 Nf4 14. Nb3 Qg5 15. g3 Nxb3 16. Nxf7 Rxf7 17. Bxf7+ Kxf7 18. Qxb3+ Be6 19. Qxb7+ Kf6 20. Qxa8 Nh3+ 21. Kg2 Bd5+ 22. Qxd5 Qxd5+ 23. Kxh3 g5 24. f3 h5 25. Kg2 Kg6 26. b3 g4 27. Rad1 gxf3+ 28. Rxf3 Qxd1 29. Rf2 Kg5 30. h4+ Kg6 31. Rf1 Qd5+ 32. Kf2 Qd2+ 0-1